भारत की विदेशनीति का उद्रम, आशा प्रसाद अनु0 (Record no. 910710)

MARC details
000 -LEADER
fixed length control field 01110nam a2200265Ia 4500
003 - CONTROL NUMBER IDENTIFIER
control field OSt
005 - DATE AND TIME OF LATEST TRANSACTION
control field 20221002044602.0
008 - FIXED-LENGTH DATA ELEMENTS--GENERAL INFORMATION
fixed length control field 220930b |||||||| |||| 00| 0 hin d
020 ## - INTERNATIONAL STANDARD BOOK NUMBER
International Standard Book Number 818668428X (hbk)
037 ## - SOURCE OF ACQUISITION
Terms of availability Reference Collections
040 ## - CATALOGING SOURCE
Original cataloging agency CRL
Transcribing agency CRL
Language of cataloging hin
041 ## - LANGUAGE CODE
Source of code hin
Language code of text/sound track or separate title hin
100 ## - MAIN ENTRY--PERSONAL NAME
Personal name विमल प्रसाद
245 #0 - TITLE STATEMENT
Title भारत की विदेशनीति का उद्रम, आशा प्रसाद अनु0
260 ## - PUBLICATION, DISTRIBUTION, ETC.
Place of publication, distribution, etc. नई
Name of publisher, distributor, etc. दिल्ली ग्रंथ शिल्पी
Date of publication, distribution, etc. 1997
300 ## - PHYSICAL DESCRIPTION
Extent 200पृ0
Dimensions cm.
500 ## - GENERAL NOTE
General note भारतीय इतिहास के गौरव ग्रंथ
700 ## - ADDED ENTRY--PERSONAL NAME
Personal name आशा प्रसाद, अनु.
942 ## - ADDED ENTRY ELEMENTS (KOHA)
Classification part V2:19.N5, 152N7(RR)
Koha item type
Source of classification or shelving scheme Colon Classification (CC)

No items available.

Copyright @ Delhi University Library System